00261nam a2200109Ia 4500008004100000082001500041100001900056245003500075250000800110260002500118300000800143191201s2011 xx 000 0 und d a681.3bSAI aDAVIS,Gordon B 0aManagement Information Systems aRep c2011bTMHaNEW DELHI a693